Variabilita nástupu fenologických fáz jedle bielej (Abies alba Mill.) v horských oblastiach Slovenska

Bibliographic Details
Main Authors: Snopková, Zora (Author), Škvareninová, Jana, 1962- (Author)
Format: Article
Language:Slovak
Subjects:

MARC

LEADER 00000nab a2200000Iu 4500
001 vtls011459612
003 SK-MaSNL
005 20260426072134.0
008 230222|2011 xo |||||||||||||||||slo|
015 |a SNBRB 
035 |a (urnnbn)urn:nbn:sk:snk:ar-a0aat2 
035 |a (uuid)114333d5-e3ba-4567-bf33-8fb0c8b24fe8 
035 |a urn:nbn:sk:snk-abctpf 
040 |a SNKBUCL  |b slo  |c SNKBUCL  |e AACR2 
041 0 |a slo 
044 |a xo  |c SK 
080 |a 551.506.8  |2 2001 
080 |a 551.58  |2 2001 
080 |a 582.475  |2 2001 
080 |a 551.524  |2 2001 
080 |a (437.6)  |2 2011 
080 |a 911.2(23.0)  |2 2001 
100 1 |a Snopková, Zora  |4 aut  |9 659587 
245 1 0 |a Variabilita nástupu fenologických fáz jedle bielej (Abies alba Mill.) v horských oblastiach Slovenska  |c Zora Snopková, Jana Škvareninová 
504 |a Bibliografické odkazy 
650 0 7 |a fenológia  |2 SNKPH  |9 753 
650 0 7 |a hory  |2 SNKPH  |9 55651 
650 0 7 |a jedľa biela  |2 SNKPH  |9 14924 
650 0 7 |a teplota vzduchu  |2 SNKPH  |9 27028 
650 0 7 |a klíma  |2 SNKPH  |9 834 
651 7 |a Slovensko  |2 SNKPH  |9 14231 
700 1 |a Škvareninová, Jana,  |d 1962-  |4 aut  |9 206930 
773 0 |t Životné prostredie : revue pre teóriu a starostlivosť o životné prostredie  |g Roč. 45, č. 2 (2011), s. 98-101 
954 |a odborná, vedecká literatúra pôvodná (slovenská)  |2 lita 
958 |a NB 
958 |a OND 
958 |a EUIPO 
958 |a article16 
999 |c 2685613  |d 2687543